| 000 | 00324 a2200133 4500 | ||
|---|---|---|---|
| 003 | Nust | ||
| 005 | 20170207165541.0 | ||
| 040 | _cNust | ||
| 100 | _aFrank van Harmelen, | ||
| 245 |
_aInformation Flow and Knowledge Sharing (E-BOOK) _bFrank van Harmelen, |
||
| 300 | _a276 p | ||
| 650 | _aCapturing Intelligence | ||
| 651 | _aE-Book | ||
| 942 |
_2ddc _cBK |
||
| 999 |
_c212471 _d212471 |
||